00923nam a22002297a 4500010001300000020002200013035001300035037001600048040001200064082001600076100002700092245018100119260004200300270005000342300002400392500002000416650004700436650003800483942002500521999001900546952012800565 aA-994190 c00.00a8120722523 aA-994190 bCen Lib/Ret aDPLbEN a883.08bRAM aRamulu, G. Sree923577 aVoyage into consciousness :cby G. Sree Ramulubthe fiction of Anita Desai and Virginia Woolf (with special reference to Where shall we go this summer? and To the lighthouse) / aNew DelhibSterling Publishers c2000 aL-10, Green Park ExtensionbNew Delhie110016 avii,158p.c22cm(Hb) aIncludes index  aTo the lighthouse (Woolf, Virginia)923578 aWoolf, Virginia, 1882-1941923579 2ddccENh883.08mRAM c128492d128492 00104070aLbLd2015-07-02eCen Lib/Ret g0.00l0o883.08 RAMpA-994190r2015-07-02 00:00:00t1v0.00w2015-07-02yEN